000 00407 a2200169 4500
001 184974
020 _a85-7442-042-5
040 _cMagnum
100 _aVale, Dorotéia
240 1 0 _aPé na estrada... que essa bruxa é animada.
_lpor
245 1 0 _aPé na estrada... que essa bruxa é animada.
300 _a22
362 0 _a2000
440 1 _aMiguilim
697 _aLITERATURA INFANTO
942 _cBK
999 _c184974
_d184974